Statistiques concernant Anagrammes de Présidents américains en énigmes

Cliquez ici pour prendre le quiz!

Statistiques générales

  • Ce quiz a été pris 284 fois
  • Le résultat moyen est 16 sur 30

Statistiques - réponses

IndiceRéponse% Correct
On en fait du pop-cornMAIS
89%
Pas vêtuNU
89%
Œuvre cinématographiqueFILM
88%
Personnage biblique à l'ArcheNOE
87%
Métro de surfaceTRAM
83%
Venus au mondeNES
81%
Petite îleILOT
80%
Pas nôtresVOTRES
80%
Dieu solaire des EgyptiensRA
75%
Sans saveurFADE
73%
Fille britanniqueGIRL
60%
Chaîne d'info étatsunienneCNN
57%
Messager de DieuANGE
55%
Cadeau, subvention ou talentDON
55%
Personnage incarné par un acteurROLE
53%
GHW + NATIONSWASHINGTON
53%
ILOT + CNNCLINTON
50%
ANGE + RAREAGAN
50%
VOTRES + ELOROOSEVELT
50%
Classement aux échecsELO
41%
Tsigane, bohémien, gitanROM
41%
TRAM + NUTRUMAN
40%
NOE + ROMMONROE
38%
NES + JOFFREJEFFERSON
35%
Maréchal de VerdunJOFFRE
28%
DON + MAISMADISON
28%
Etats, paysNATIONS
27%
Bush pèreGHW
21%
FADE + GIRLGARFIELD
17%
ROLE + FILMFILLMORE
15%

Distribution des résultats

Percentile par nombre de réponses

% des personnes avec chaque résultat

Votre développement - résultats

Vous n’avez pas pris ce quiz